English language teacher education in Chile. A cultural historical activity theory perspective.

Saved in:
Bibliografiske detaljer
Hovedforfatter: Barahona, Malba (Author)
Format: Bog
Udgivet: New York, USA: Routledge, 2016.
Fag:
Tags: Tilføj Tag
Ingen Tags, Vær først til at tagge denne postø!

MARC

LEADER 00000cam a2200000 a 4500
001 UCE8648
003 CL-VaPUC
005 20240320080504.0
008 240314t2016 ||||| |||| 00| 0 eng d
999 |c 360440  |d 360438 
020 |a 978-1-138-91595-4 
040 |c Pontificia Universidad Católica de Valparaíso 
082 0 4 |a 428.0071083 BAR 2016  |2 21 
100 0 |a Barahona, Malba  |e author  |9 581373 
245 1 0 |a English language teacher education in Chile.  |b A cultural historical activity theory perspective. 
260 |a New York, USA:  |b Routledge,  |c 2016. 
300 |a 192 páginas. 
500 |a c.2 Donación prof. Bryan Green. Memo 13-03-2024 
583 |a last modification  |c 20150820 22:36:00  |k Rodrigo Vera 
650 0 |a Enseñanza del inglés  |9 367340  |z Chile  
650 0 |a Profesor de inglés  |x Formación   |z Chile  |9 887842 
650 0 |a Idioma inglés   |x Estudio y enseñanza  |z Chile  |x Hablantes extranjeros   |9 887843 
651 |a Chile  |x Idiomas  |9 887844 
942 |c BK  |2 ddc 
945 |d 20150820 22:36:00  |a gsalatino 
952 |0 0  |1 0  |2 ddc  |3 erd  |4 0  |6 428_007108300000000_BAR_2016  |7 0  |8 A  |9 470263  |a BIBEDU  |b BIBEDU  |e Rojas Zúñiga, Herman, -2014  |i 5194806  |o 428.0071083 BAR 2016  |p 5194806  |r 2024-03-14  |w 2019-11-23  |y BK  |z Catalogado en:20150820  |k EDU 
952 |0 0  |1 0  |2 ddc  |4 0  |6 428_007108300000000_BAR_2016  |7 0  |8 A  |9 593659  |a FDOPOS  |b FDOPOS  |d 2024-03-14  |e Donación  |i 5660363  |o 428.0071083 BAR 2016  |p 5660363  |r 2024-03-14  |t 2  |w 2024-03-14  |y BK  |k MLA